000 00628nam a22001817a 4500
003 UA-OsUOA
001 14719
007 ta
008 20031017b un ||||| |||| 00| 0 ukr d
100 _aБабінець А.
942 _cSA
040 _aUA-OsUOA
_cUA-OsUOA
_dUA-OsUOA
245 _aВисочани завжди відзначались незалежним характером: [Про історію і сьогодення с.Висоцьк Дубровиц. р-ну]
300 _aС.4
955 _a0
773 0 _w0
_tВільне слово
_dРівне
_d2003
_g№66/67/22 серп./
650 7 _aІсторія
_2UDC
999 _c300883
_d300883